The fellowship of the ring / (Record no. 287837)
[ view plain ]
| 000 -LEADER | |
|---|---|
| fixed length control field | 00542nam a2200145Ia 4500 |
| 008 - FIXED-LENGTH DATA ELEMENTS--GENERAL INFORMATION | |
| fixed length control field | 150610s9999 xx 000 0 und d |
| 020 ## - INTERNATIONAL STANDARD BOOK NUMBER | |
| International Standard Book Number | 712970X |
| 050 ## - LIBRARY OF CONGRESS CALL NUMBER | |
| Classification number | PR6039 |
| Item number | .O32 .T649p1 1954 |
| 100 ## - MAIN ENTRY--PERSONAL NAME | |
| Personal name | Tolkien, John Ronald Reuel, 1892-1973 |
| 245 #4 - TITLE STATEMENT | |
| Title | The fellowship of the ring / |
| Remainder of title | being the first part of the lord of the rings / |
| Statement of responsibility, etc | by J.R.R. Tolkien. |
| 260 ## - PUBLICATION, DISTRIBUTION, ETC. (IMPRINT) | |
| Place of publication, distribution, etc | Great Britain : |
| Name of publisher, distributor, etc | Harper Collins, |
| Date of publication, distribution, etc | 1954. |
| 300 ## - PHYSICAL DESCRIPTION | |
| Extent | 398pages ; |
| Dimensions | 20 cm. |
| 440 ## - SERIES STATEMENT/ADDED ENTRY--TITLE | |
| Title | The Lord of the rings ; pt.1 |
| Volume number/sequential designation | v.1 |
| 650 ## - SUBJECT ADDED ENTRY--TOPICAL TERM | |
| Topical term or geographic name as entry element | Middle earth (Imaginary place) |
| General subdivision | Fiction. |
| Withdrawn status | Lost status | Damaged status | Home library | Current library | Shelving location | Date acquired | Total Checkouts | Full call number | Barcode | Date last seen | Price effective from | Koha item type |
|---|---|---|---|---|---|---|---|---|---|---|---|---|
| Stonyhurst Southville International School (Batangas) | Stonyhurst Southville International School (Batangas) | High School Section | 06/10/2015 | PR 6039.O32 T649 p1 1954 | US-0620 | 06/10/2015 | 06/10/2015 | Books |